Potential of Combining Plant Derived Compounds with Diatomaceous Earth for the Management of Callosobruchus Maculatus (F.) and Sitophilus Oryzae (L.) /) (Record no. 83803)
[ view plain ]
| 000 -LEADER | |
|---|---|
| fixed length control field | 01051nam a2200253 a 4500 |
| 001 - CONTROL NUMBER | |
| RUCL Control Number | 83803 |
| 003 - CONTROL NUMBER IDENTIFIER | |
| rucl marc code | BD-RjUL |
| 005 - DATE AND TIME OF LATEST TRANSACTION | |
| control field | 20240523121447.0 |
| 008 - FIXED-LENGTH DATA ELEMENTS--GENERAL INFORMATION | |
| fixed length control field | 240523s2004 bg a|||| m||| 00| 0 eng d |
| 035 ## - SYSTEM CONTROL NUMBER | |
| system control number | (BD-RjUL)83803 |
| 040 ## - CATALOGING SOURCE | |
| Original cataloging agency | BD-RjUL |
| Language of cataloging | eng |
| Transcribing agency | BD-RjUL |
| Modifying agency | BD-RjUL |
| 041 ## - LANGUAGE CODE | |
| Language code of Book | eng |
| 082 ## - DEWEY DECIMAL CLASSIFICATION NUMBER | |
| DDC Edition number | 23 |
| Classification number | 595.76 |
| Author mark and Year | ISP 2004 |
| 100 ## - MAIN ENTRY--PERSONAL NAME | |
| Personal name | Islam, Md. Saiful |
| 245 10 - TITLE STATEMENT | |
| Title | Potential of Combining Plant Derived Compounds with Diatomaceous Earth for the Management of Callosobruchus Maculatus (F.) and Sitophilus Oryzae (L.) /) |
| Statement of responsibility, etc | By Md. Saiful Islam ; |
| Name of Supervisor/Co-Supervisor | Supervisor : Md. Mahbub Hasan, Supervisor : Md. Sarwar Jahan |
| 260 ## - PUBLICATION, DISTRIBUTION, ETC. (IMPRINT) | |
| Place of publication, distribution, etc | Rajshahi : |
| Name of publisher, distributor, etc | Department of Zoology, University of Rajshahi, |
| Date of publication, distribution, etc | 2004 |
| 300 ## - PHYSICAL DESCRIPTION | |
| Pagination | [9] , iii, 197 Leaves : |
| Other physical details | ill, ; |
| Dimensions | 29 cm. |
| 502 ## - DISSERTATION NOTE | |
| Dissertation note | Thesis (Ph. D.) -- Department of Zoology, University of Rajshahi, 2004 |
| 504 ## - BIBLIOGRAPHY, ETC. NOTE | |
| Bibliography, etc | References : Leaves 155-197 |
| 650 ## - SUBJECT ADDED ENTRY--TOPICAL TERM | |
| Topical term or geographic name as entry element | Arthropoda |
| Form subdivision | Plant Potential |
| 9 (RLIN) | 13136 |
| 700 ## - ADDED ENTRY--SUPERVISOR/CO-SUPERVISOR NAME | |
| Personal name | Hasan, Md. Mahbub, Supervisor |
| 9 (RLIN) | 13137 |
| Personal name | Jahan, Md. Sarwar, Supervisor |
| 9 (RLIN) | 1916 |
| 942 ## - ADDED ENTRY ELEMENTS (KOHA) | |
| Source of classification or shelving scheme | Dewey Decimal Classification |
| Koha item type | Theses |
| Source of classification or shelving scheme | Damaged status | Not for loan | Collection code | Permanent Location | Current Location | Shelving location | Date of accession | Source of acquisition | Total Checkouts | Full call number | Barcode | Date last seen | Copy number | Thesis |
|---|---|---|---|---|---|---|---|---|---|---|---|---|---|---|
| Dewey Decimal Classification | Not For Loan | Theses | Central Library, University of Rajshahi | Central Library, University of Rajshahi | Documentation Section | 08/10/2005 | Controller of Exam. R. U. | THE 595.76 ISP 2004 | D2450 | 23/05/2024 | C-I | Theses |